Les légendes c̜ivaïtes de Kāñcipuram; (Record no. 71854)
[ view plain ]
| 000 -LEADER | |
|---|---|
| fixed length control field | 01083cam a22003011 4500 |
| 001 - CONTROL NUMBER | |
| control field | sa 67000252 |
| 003 - CONTROL NUMBER IDENTIFIER | |
| control field | DLC |
| 005 - DATE AND TIME OF LATEST TRANSACTION | |
| control field | 20260227112313.0 |
| 008 - FIXED-LENGTH DATA ELEMENTS--GENERAL INFORMATION | |
| fixed length control field | 781208s1964 fr ab 000 0 fre |
| 010 ## - LIBRARY OF CONGRESS CONTROL NUMBER | |
| LC control number | sa 67000252 |
| 035 ## - SYSTEM CONTROL NUMBER | |
| System control number | (OCoLC)4433174 |
| 040 ## - CATALOGING SOURCE | |
| Original cataloging agency | DLC |
| Transcribing agency | NcGU |
| Modifying agency | DLC |
| 042 ## - AUTHENTICATION CODE | |
| Authentication code | premarc |
| 050 00 - LIBRARY OF CONGRESS CALL NUMBER | |
| Classification number | BL1245.S5 |
| Item number | D4 |
| 100 1# - MAIN ENTRY--PERSONAL NAME | |
| Personal name | Dessigane, R. |
| 245 14 - TITLE STATEMENT | |
| Title | Les légendes c̜ivaïtes de Kāñcipuram; |
| Remainder of title | analyse de textes et iconographie, |
| Statement of responsibility, etc. | par R. Dessigane, P. Z. Pattabiramin et Jean Filliozat. |
| 260 ## - PUBLICATION, DISTRIBUTION, ETC. | |
| Place of publication, distribution, etc. | Pondichéry, |
| Name of publisher, distributor, etc. | Institut Franc̜ais d'Indologie, |
| Date of publication, distribution, etc. | 1964. |
| 300 ## - PHYSICAL DESCRIPTION | |
| Extent | xviii, 152, 99 p. |
| Other physical details | illus., fold. map. |
| Dimensions | 25 cm. |
| 490 1# - SERIES STATEMENT | |
| Series statement | Publication de l'Institut franc̜ais d'indologie, |
| Volume/sequential designation | no. 27 |
| 504 ## - BIBLIOGRAPHY, ETC. NOTE | |
| Bibliography, etc. note | Bibliographical footnotes. |
| 650 #0 - SUBJECT ADDED ENTRY--TOPICAL TERM | |
| Topical term or geographic name entry element | Hindu legends. |
| 650 #0 - SUBJECT ADDED ENTRY--TOPICAL TERM | |
| Topical term or geographic name entry element | Legends |
| Geographic subdivision | India |
| -- | Kānchipuram. |
| 650 #0 - SUBJECT ADDED ENTRY--TOPICAL TERM | |
| Topical term or geographic name entry element | Śaivism. |
| 651 #0 - SUBJECT ADDED ENTRY--GEOGRAPHIC NAME | |
| Geographic name | Kānchipuram (India) |
| General subdivision | Antiquities. |
| 700 1# - ADDED ENTRY--PERSONAL NAME | |
| Personal name | Pattabiramin, P. Z. |
| Relator term | joint author. |
| 700 1# - ADDED ENTRY--PERSONAL NAME | |
| Personal name | Filliozat, Jean, |
| Relator term | joint author. |
| 830 #0 - SERIES ADDED ENTRY--UNIFORM TITLE | |
| Uniform title | Publications de l'Institut français d'indologie ; |
| Volume/sequential designation | no. 27. |
No items available.